00597nam a2200181Ia 4500952012900000999001300129003000400142005001700146008004100163040000900204082001800213100003400231245006700265260002200332300000800354650001100362942004200373 00102ddc40708MISCELLANEOUSaMESbMEScARBd2019-02-20l0o892.78 ALI/Qp4394r2019-02-20 00:00:00w2019-02-20yBKzGR5R5 c112d112OSt20210906115423.0190216s9999||||xx |||||||||||||| ||und|| coclc a892.78bALI/Q a Ali Nadvi, Abdul Hasan98724 0aAl Qiraathul Rasheedah Nadvali Ulamme /cAbdul Hasan Ali Nadvi bAl Darussalafiah, a90p aArabic cBK2ddch892.78iALI/Qk892.78mALI/Q